Online Public Access Catalog -OPAC

\a Comparative Study of Leaf Morphology and Stomatal Ontogeny of Some Species of Senna in Zaria and New Bussa, Nigeria (Record no. 91896)

MARC details
000 -LEADER
fixed length control field nam a22 4500
005 - DATE AND TIME OF LATEST TRANSACTION
control field 20251030113611.0
008 - FIXED-LENGTH DATA ELEMENTS--GENERAL INFORMATION
fixed length control field 251030b xxu||||| |||| 00| 0 eng d0
040 ## - CATALOGING SOURCE
Original cataloging agency \a NG-ZaABU
Transcribing agency \c NG-ZaABU
Modifying agency \d NG-ZaABU
050 ## - LIBRARY OF CONGRESS CALL NUMBER
Classification number \a QK 644.5 Ibr
Item number \b 519782
100 ## - MAIN ENTRY--PERSONAL NAME
9 (RLIN) 11213
Personal name a Ibrahim, Ramatu
245 ## - TITLE STATEMENT
Title \a Comparative Study of Leaf Morphology and Stomatal Ontogeny of Some Species of Senna in Zaria and New Bussa, Nigeria
Statement of responsibility, etc. \c \ by Ramatu Ibrahim
Medium \h [Text]
260 ## - PUBLICATION, DISTRIBUTION, ETC.
Place of publication, distribution, etc. \a Zaria:
Name of publisher, distributor, etc. \b Department of Botany, A.B.U. Zaria,
Date of publication, distribution, etc. \c 2021.
300 ## - PHYSICAL DESCRIPTION
Extent \a xvi,88Leaves.:
Other physical details \b ill.
502 ## - DISSERTATION NOTE
Dissertation note \a Faculty of Life Sciences, Ahmadu Bello University, Zaria
Degree type \b (M.Sc) In Botany
Year degree granted \d December, 2021
504 ## - BIBLIOGRAPHY, ETC. NOTE
Bibliography, etc. note \a Includes bibliographical references
852 ## - LOCATION
Location \a K.I.L.
Shelving location \c Africana Unit
Piece designation \p 519792
942 ## - ADDED ENTRY ELEMENTS (KOHA)
Source of classification or shelving scheme Library of Congress Classification
Koha item type Books
Classification part \h 644.5
Call number prefix \k QK
Call number suffix \m Ibr
Holdings
Withdrawn status Lost status Source of classification or shelving scheme Damaged status Not for loan Home library Current library Shelving location Date acquired Total Checkouts Full call number Barcode Date last seen Copy number Price effective from Koha item type
    Library of Congress Classification     Kashim Ibrahim Library Kashim Ibrahim Library Africana 10/30/2025   \o QK 644.5 Ibr \p 30005107852538 10/30/2025 \t 519782 10/30/2025 Books

Customized by ICT Technical Service Unit on 29th Dec 2022

Kashim Ibrahim Library